header

Freud in Oz (Record no. 235826)

MARC details
000 -LEADER
fixed length control field 02065nam a2200409 a 4500
082 04 - DEWEY DECIMAL CLASSIFICATION NUMBER
Classification number 809/.89282
100 1# - MAIN ENTRY--AUTHOR NAME
Personal name Kidd, Kenneth B.
245 10 - TITLE STATEMENT
Title Freud in Oz
260 ## - PUBLICATION, DISTRIBUTION, ETC. (IMPRINT)
Place of publication Minneapolis :
Name of publisher University of Minnesota Press,
Year of publication c2011.
300 ## - PHYSICAL DESCRIPTION
Number of Pages xxvii, 297 p.
505 0# - FORMATTED CONTENTS NOTE
Formatted contents note Introduction: reopening the case of Peter Pan -- Kids, fairy tales, and the uses of enchantment -- Child analysis, play, and the golden age of Pooh -- Three case histories: Alice, Peter Pan, and OZ -- Maurice Sendak and picturebook psychology -- "A case history of us all": the adolescent novel before and after Salinger -- T is for trauma: the children's literature of atrocity.
650 #0 - SUBJECT ADDED ENTRY--TOPICAL TERM
Topical Term Children's stories, English
Topical Term Children's stories, American
Topical Term Psychoanalysis and literature.
Topical Term Children in literature.
Topical Term Child psychology in literature.
Topical Term Psychology in literature.
Topical Term Young adult fiction, English
Topical Term Young adult fiction, American
856 40 - ELECTRONIC LOCATION AND ACCESS
Uniform Resource Identifier http://site.ebrary.com/lib/rucke/Doc?id=10534327

No items available.

© 2026 Rongo University
Contact us: librarian | system librarian | Rongo university